LAB MANUAL HUMAN ANATOMY (Record no. 32498)

MARC details
000 -LEADER
fixed length control field 00323nam a22001457a 4500
003 - CONTROL NUMBER IDENTIFIER
control field SGT
020 ## - INTERNATIONAL STANDARD BOOK NUMBER
International Standard Book Number 97815-43347-62-3
082 ## - DEWEY DECIMAL CLASSIFICATION NUMBER
Classification number 611
Item number DAS
100 ## - MAIN ENTRY--PERSONAL NAME
Personal name DAS, DR. MANS KUMAR
245 ## - TITLE STATEMENT
Title LAB MANUAL HUMAN ANATOMY
260 ## - PUBLICATION, DISTRIBUTION, ETC. (IMPRINT)
Place of publication, distribution, etc INDIA
Name of publisher, distributor, etc S. VIKASH
Year of Publication 2023
300 ## - PAGE DESCRIPTION
No. of Pages 88
650 ## - SUBJECT ADDED ENTRY--TOPICAL TERM
Topical term or geographic name as entry element HUMAN ANATOMY
942 ## - ADDED ENTRY ELEMENTS (KOHA)
Source of classification or shelving scheme Dewey Decimal Classification
Koha item type Books
Holdings
Withdrawn status Lost status Source of classification or shelving scheme Damaged status Not for loan Collection code Home library Current library Date acquired SGTU Total Checkouts Full call number Accession No. (Barcode) Date last seen Bill Date Koha item type
    Dewey Decimal Classification     SCIENCE SGT Science & Social Sciences Library SGT Science & Social Sciences Library 26/08/2025 SGTU   611 DAS DP169 26/08/2025 26/08/2025 Books